Defining Islam for the Egyptian state : muftis and fatwas of the Dār al-Iftā /

محفوظ في:

المؤلف الرئيسي: Skovgaard-Petersen, Jakob.

التنسيق: كتاب

اللغة: English

منشور في: Leiden ; New York : Brill, 1997.

سلاسل: Social, economic, and political studies of the Middle East and Asia, 59.

الموضوعات:

الوسوم: إضافة وسم

لا توجد وسوم, كن أول من يضع وسما على هذه التسجيلة!

رقم الطلب: BP64 .E3 S64 1997

LEADER 00963cam a2200277 a 4500
001 3542900
003 OSt
005 20250923081620.0
008 970506s1997 ne b 001 0 eng
040 |c ARCE Library 
043 |a f-ua--- 
050 4 |a BP64 .E3 S64 1997 
100 2 |a Skovgaard-Petersen, Jakob. 
245 1 0 |a Defining Islam for the Egyptian state :   |b muftis and fatwas of the Dār al-Iftā /   |c by Jakob Skovgaard-Petersen. 
260 |a Leiden ;  |a New York :  |b Brill,  |c 1997. 
300 |a vii, 420 p. ;   |c 25 cm. 
440 0 |a Social, economic, and political studies of the Middle East and Asia,  |x 1385-3376 ;  |v 59. 
504 |a Includes bibliographical references (p. [401]-411) and index. 
610 2 0 |a Dār al-Iftāʾ al-Miṣrīyah. 
650 0 |a Islam and state  |z Egypt. 
650 0 |a Islam and politics  |z Egypt. 
650 0 |a Fatwas. 
651 0 |a Egypt  |x Politics and government  |y 1981- 
901 |a reviewed 
942 |2 lcc  |c BK 
999 |c 55062  |d 55062